All ores in Hydroneer - Statistics

General Stats
  • This quiz has been taken 224 times
  • The average score is 6 of 9
Answer Stats
Hint Answer % Correct
Metal Iron
95%
Metal Gold
92%
Gem Ruby
83%
Gem Emerald
80%
Gem Sapphire
74%
Gem Onyx
52%
Metal Cloutium
49%
Crystal Shard
49%
Metal Corestone
44%
No matching quizzes found
Score Distribution
Percent of People with Each Score
Percentile by Number Answered
Your Score History
You have not taken this quiz